000
00348nam a2200133Ia 4500
008
230411s9999 xx 000 0 und d
041
_a
eng
082
_a
F/610.730 1/COW/B07473
100
_a
Cowen Perle
_9
179588
245
_a
Current Issues in Nursing
260
_b
Mosby Elsevier
_a
St Louis
_c
2011
300
_a
838p
999
_c
157596
_d
157596